| Поле | Название | Значение |
| |
Тип записи |
c |
| |
Библиографический уровень |
m |
| 001 |
Контрольный номер |
UONB/MAIN/ad51105ed8fb4fe990d6a26ff342a150 |
| 005 |
Дата корректировки |
20240802095232.8 |
| 010 |
Индекс ISBN |
__ |
| 9 |
Тираж |
10000 экз. |
| 013 |
Номер (ISMN) |
__ |
| d |
Цена |
53 к. |
| 100 |
Данные общей обработки |
__ |
| a |
Данные общей обработки |
20240802d1960 u y0rusy0189 ca |
| 101 |
Язык документа |
0_ |
| a |
Язык текста |
aze |
| a |
Язык текста |
rus |
| f |
Язык титульного листа |
aze |
| f |
Язык титульного листа |
rus |
| 102 |
Страна публикации |
__ |
| a |
Страна публикации |
AZ |
| 125 |
Кодированные данные звукозаписи и нотных изданий |
__ |
| a |
Форма изложения нотного текста |
с |
| 128 |
Кодированные данные (звукозаписи-физические характеристики) |
__ |
| a |
Кодированные данные: Музыкальная форма и тональность или лад |
zz |
| c |
Инструменты или голоса, рекомендуемые для солистов (устаревшее) |
ka |
| 200 |
Заглавие и сведения об ответственности |
1_ |
| d |
Параллельное заглавие |
Сборник фортепьянных пьес |
| a |
Заглавие |
Фортепиано пjеслəри мəчмуəси |
| 203 |
Вид содержания и тип средства |
__ |
| a |
Вид содержания |
Музыка |
| b |
Характеристика содержания |
знаковая |
| c |
Тип средства |
непосредственная |
| 210 |
Выходные данные |
1_ |
| a |
Место издания |
Бакы |
| c |
Издательство |
Азəрбаjчан дoвлəт мусиги нəшриjjаты |
| d |
Дата издания |
1960 |
| 215 |
Физическое описание |
__ |
| a |
Объем |
37 с. |
| d |
Формат |
29 см |
| 300 |
Общие примечания |
__ |
| a |
Общие примечания |
Изд. на азерб. и рус. яз. |
| 327 |
Примечание о содержании |
11 |
| a |
Примечание о содержании |
Содерж.: Глинка - Балакирев. Жаворонок. - Ребиков В. Вальс из оперы "Ёлка". - Майкапар С. Вариации на русскую тему : соч. 8 № 14. - Раков Н. Скерцино. - Григ Э. Поэтические картинки : соч. 3. |
| 464 |
Аналитический уровень |
_0 |
| 1 |
|
700 1 |
| a |
|
Глинка |
| b |
|
М. |
| 1 |
|
701 1 |
| a |
|
Балакирев |
| b |
|
М. |
| 1 |
|
2001 |
| a |
|
Жаворонок |
| 464 |
Аналитический уровень |
_0 |
| 1 |
|
700 1 |
| a |
|
Ребиков |
| b |
|
В. |
| 1 |
|
2001 |
| a |
|
Вальс |
| e |
|
из оперы "Ёлка" |
| 1 |
|
50010 |
| a |
|
Ёлка |
| i |
|
Вальс |
| 464 |
Аналитический уровень |
_0 |
| 1 |
|
700 1 |
| a |
|
Майкапар |
| b |
|
С. |
| 1 |
|
2001 |
| a |
|
Вариации на русскую тему |
| e |
|
соч. 8 № 14 |
| 464 |
Аналитический уровень |
_0 |
| 1 |
|
700 1 |
| a |
|
Раков |
| b |
|
Н. |
| 1 |
|
2001 |
| a |
|
Скерцино |
| 464 |
Аналитический уровень |
_0 |
| 1 |
|
700 1 |
| a |
|
Григ |
| b |
|
Э. |
| 1 |
|
2001 |
| a |
|
Поэтические картинки |
| e |
|
соч. 3 |
| 512 |
Заглавие обложки |
1_ |
| a |
Заглавие обложки |
Фортепиано пjеслəри мəчмуəси |
| 517 |
Другие варианты заглавия |
1_ |
| a |
Другие варианты заглавия |
Сборник фортепьянных пьес |
| 606 |
Тематические рубрики |
0_ |
| a |
Основная рубрика |
Фортепианная музыка |
| x |
Основная подрубрика |
Пьесы |
| 610 |
Ключевые слова |
0_ |
| a |
Ключевые слова |
фортепиано; пьесы; сборники |
| 686 |
Индексы других классификаций |
__ |
| a |
Классификационный индекс |
85.954.2-058.8я43 |
| 2 |
Код системы |
rubbk |
| 801 |
Источник записи |
_0 |
| a |
Страна |
RU |
| b |
Организация |
Ульяновская ОНБ |
| c |
Дата составления |
20240802 |
| g |
Правила каталогизации |
RCR |
| 801 |
Источник записи |
_1 |
| a |
Страна |
RU |
| b |
Организация |
Ульяновская ОНБ |
| c |
Дата составления |
20240802 |
| g |
Правила каталогизации |
RCR |
| 901 |
Тип документа |
__ |
| t |
Тип документа |
m |
| 909 |
Создатель записи |
__ |
| a |
Создатель записи |
Грязнова И. Е. |
| b |
Дата создания записи |
20240802 |